MARC

LEADER 00000nam0a2200000 4500
001 216538
005 20231031194311.0
035 |a (RuTPU)RU\TPU\book\236510 
090 |a 216538 
100 |a 20120526d1975 m y0rusy50 ca 
101 0 |a rus 
102 |a RU 
105 |a a z 001zy 
200 1 |a Нелинейная фильтрация и квазикогерентный прием сигналов  |f В. И. Тихонов, Н. К. Кульман 
210 |a Москва  |c Советское радио  |d 1975 
215 |a 704 с.  |c ил. 
320 |a Библиогр.: с. 697-699. 
320 |a Предметный указатель: с. 700. 
610 1 |a сигналы 
610 1 |a нелинейная фильтрация 
610 1 |a прием 
610 1 |a марковские процессы 
610 1 |a применение 
610 1 |a уравнения Фоккера-Планка 
610 1 |a случайные величины 
610 1 |a фильтрация 
610 1 |a радиосигналы 
675 |a 621.396  |v 3 
700 1 |a Тихонов  |b В. И.  |g Василий Иванович 
701 1 |a Кульман  |b Н. К.  |g Николай Карлович 
801 1 |a RU  |b 63413507  |c 20120526 
801 2 |a RU  |b 63413507  |c 20121129  |g RCR 
942 |c BK